| 000 | 00645nam a2200205Ia 4500 | ||
|---|---|---|---|
| 003 | GCL | ||
| 008 | 140319s9999 xx 000 0 ara d | ||
| 040 |
_aGCL / _cGCL |
||
| 082 | 0 | 4 |
_a330.1543 _bم م |
| 100 | 1 | _aفريد الحسين عبدالبديع | |
| 245 | 1 | 0 |
_aمقدمة الاقتصاد الرياضى / _cفريد الحسين عبدالبديع |
| 700 | 1 | _aمحمد فتحى | |
| 260 |
_a[S.N] : _bمكتبة عين شمس ، _c1969 |
||
| 490 | _a | ||
| 650 | 0 | 4 | _aالاقتصاد |
| 650 | 0 | 4 | _aالتفاضل والتكامل |
| 650 | 0 | 4 | _aالرياضيات |
| 650 | 0 | 4 | _aالاقتصاد الرياضى |
| 942 |
_2ddc _cBK |
||
| 999 |
_c55872 _d55872 |
||